Trade regulation reporter : transfer binder ( U.S. Antitrust cases summaries, complaints, indictments, development 1980 - 1988 ).
| Format: | Book |
|---|---|
| Published: |
Chicago:
CCH,
1988.
|
| Edition: | 12th ed.. |
| Subjects: |
| LEADER | 00538cam a2200169 7i4500 | ||
|---|---|---|---|
| 001 | 0000003244 | ||
| 005 | 19991025090000.0 | ||
| 002 | ##000004594 | ||
| 020 | 0 | 0 | |a T000004202 |
| 090 | 0 | 0 | |a USA 343.08 |b TRA |
| 245 | 1 | 0 | |a Trade regulation reporter : |b transfer binder ( U.S. Antitrust cases summaries, complaints, indictments, development 1980 - 1988 ). |
| 250 | 0 | 0 | |a 12th ed.. |
| 260 | 0 | 0 | |a Chicago: |b CCH, |c 1988. |
| 300 | 0 | 0 | |a v.p.. |
| 650 | 0 | 0 | |a Trade regulation |
| 651 | 0 | 0 | |a United States |
| 999 | |a 0000006632 |b Book |c Open shelf |e Business Information Centre | ||